| 000 | 00606nam a2200217Ia 4500 | ||
|---|---|---|---|
| 003 | OSt | ||
| 005 | 20250827153443.0 | ||
| 008 | 221004b |||||||| |||| 00| 0 eng d | ||
| 037 | _cTB | ||
| 040 |
_aCRL _cCRL _beng |
||
| 041 |
_2eng _aeng |
||
| 084 |
_aT:8 M0 _qCL |
||
| 100 |
_aMcCarthy Martha M _9584950 |
||
| 245 | 0 | _aHow can I best manage my classroom | |
| 260 |
_aChicago _bBYLS _c1980 |
||
| 300 |
_a14p. _ccm. |
||
| 490 | _aTearcher education series,2. | ||
| 650 | _aEDUCATION - GOVERNMENT POLICY | ||
| 942 |
_hT:8 M0 _cTB _2cc _n0 |
||
| 999 |
_c939289 _d939289 |
||